[Event "NB II. Erkel csoport"]
[Site "Eger"]
[Date "2023.12.10"]
[Round "3.9"]
[White "Russa, Roberto"]
[Black "Andras, Imre"]
[Result "1/2-1/2"]
[WhiteElo "1790"]
[BlackElo "1837"]
[PlyCount "89"]
[EventDate "2023.10.08"]
[EventType "team-tourn"]
[EventRounds "9"]
[EventCountry "HUN"]
[Source "chess.hu"]
[WhiteTeam "Vizugyi SC"]
[BlackTeam "Egri Bolyky BastyaSE"]
[WhiteTeamCountry "HUN"]
[BlackTeamCountry "HUN"]

1. d4 d5 2. Bf4 e6 3. e3 Bd6 4. g3 Nf6 5. Nd2 c5 6. dxc5 Bxc5 7. Nb3 Bb6 8. Nf3
Nc6 9. c3 O-O 10. Bd3 Re8 11. Nbd4 h6 12. a4 Nd7 13. Nxc6 bxc6 14. a5 Bc7 15.
Bxc7 Qxc7 16. O-O e5 17. Bc2 Nf6 18. Nd2 e4 19. Qc1 Qe5 20. Bd1 Bg4 21. Bxg4
Nxg4 22. h3 Nxe3 23. Re1 Nf5 24. Nf1 Nd6 25. f4 Qh5 26. Kh2 Qf5 27. Ne3 Qd7 28.
b4 a6 29. Qd2 Qa7 30. Rac1 Rad8 31. Kg2 Nb5 32. Ng4 f6 33. Qe2 Qe7 34. c4 Nd4
35. Qb2 Nf3 36. Red1 dxc4 37. Ne3 Rxd1 38. Rxd1 Rd8 39. Qc3 Rxd1 40. Nxd1 Qd6
41. Qxc4+ Qd5 42. Ne3 Ne1+ 43. Kf1 Qxc4+ 44. Nxc4 Nc2 45. Nd6 1/2-1/2

[Event "NB II. Erkel csoport"]
[Site "Eger"]
[Date "2023.12.10"]
[Round "3.10"]
[White "Gordos, Csaba Dr"]
[Black "Makay, Andor Dr"]
[Result "1-0"]
[WhiteElo "1792"]
[BlackElo "1627"]
[PlyCount "85"]
[EventDate "2023.10.08"]
[EventType "team-tourn"]
[EventRounds "9"]
[EventCountry "HUN"]
[Source "chess.hu"]
[WhiteTeam "Egri Bolyky BastyaSE"]
[BlackTeam "Vizugyi SC"]
[WhiteTeamCountry "HUN"]
[BlackTeamCountry "HUN"]

1. e4 c5 2. d4 cxd4 3. c3 dxc3 4. Nxc3 a6 5. Nf3 h6 6. Bc4 e6 7. O-O Nc6 8. Qe2
b5 9. Bb3 Be7 10. Rd1 Qc7 11. e5 d6 12. Bf4 d5 13. Rac1 Qb7 14. Nxd5 Na5 15.
Nc7+ Kf8 16. Nxa8 Nxb3 17. axb3 g5 18. Qc2 Qxa8 19. Qxc8+ Qxc8 20. Rxc8+ Kg7
21. Be3 Bf8 22. Ra8 Ne7 23. Bc5 Nd5 24. Bxf8+ Rxf8 25. Rxf8 Kxf8 26. Ra1 Nb4
27. Rd1 Nd5 28. Kf1 Ke7 29. g3 Kd7 30. Ke2 Kc6 31. Rc1+ Kd7 32. Nd4 Nb4 33. Rd1
Nd5 34. Nc2 Kc6 35. Ne3 Kc5 36. Nxd5 exd5 37. f4 g4 38. Kd3 Kb4 39. f5 Kc5 40.
e6 fxe6 41. fxe6 Kd6 42. Re1 Ke7 43. Kd4 1-0

[Event "NB II. Erkel csoport"]
[Site "Eger"]
[Date "2023.12.10"]
[Round "3.11"]
[White "Lestyak, Barnabas"]
[Black "Molnar, Daniel Zsolt"]
[Result "0-1"]
[WhiteElo "1447"]
[BlackElo "1634"]
[PlyCount "112"]
[EventDate "2023.10.08"]
[EventType "team-tourn"]
[EventRounds "9"]
[EventCountry "HUN"]
[Source "chess.hu"]
[WhiteTeam "Vizugyi SC"]
[BlackTeam "Egri Bolyky BastyaSE"]
[WhiteTeamCountry "HUN"]
[BlackTeamCountry "HUN"]

1. e4 c5 2. Nf3 Nc6 3. c3 Nf6 4. e5 Nd5 5. d4 cxd4 6. cxd4 Qa5+ 7. Bd2 Qb6 8.
Nc3 e6 9. Nxd5 exd5 10. Bc3 d6 11. Bd3 dxe5 12. dxe5 Bc5 13. O-O d4 14. b4 dxc3
15. bxc5 Qxc5 16. Rc1 Be6 17. Qe2 Rd8 18. Bb5 O-O 19. a4 Nd4 20. Nxd4 Rxd4 21.
Qe3 Rc8 22. f4 Rxf4 23. Qxc5 Rxf1+ 24. Kxf1 Rxc5 25. Rd1 Rc8 26. Rc1 Bc4+ 27.
Bxc4 Rxc4 28. Ke2 a6 29. Kd3 b5 30. Kc2 Rd4 31. axb5 axb5 32. Kb3 b4 33. Re1
Rd2 34. Kxb4 c2 35. Rc1 Rxg2 36. h3 Kf8 37. Kc3 Ke7 38. Ra1 Ke6 39. Re1 Rf2 40.
Kb2 Rd2 41. Rc1 Kxe5 42. Kc3 Re2 43. Kd3 Rg2 44. Re1+ Kf6 45. Rf1+ Kg6 46. Kc3
f5 47. Kb2 Rd2 48. Rg1+ Kf6 49. Rc1 f4 50. Rf1 Kf5 51. Ra1 f3 52. Ra5+ Ke4 53.
Ra4+ Rd4 54. Ra8 Kd3 55. Kc1 f2 56. Ra3+ Ke2 0-1

[Event "NB II. Erkel csoport"]
[Site "Budapest"]
[Date "2023.12.10"]
[Round "3.1"]
[White "Feher, Adam"]
[Black "Petran, Pal"]
[Result "1-0"]
[WhiteElo "2386"]
[BlackElo "2312"]
[PlyCount "67"]
[EventDate "2023.10.08"]
[EventType "team-tourn"]
[EventRounds "9"]
[EventCountry "HUN"]
[Source "chess.hu"]
[WhiteTeam "HUSI SC"]
[BlackTeam "HASE"]
[WhiteTeamCountry "HUN"]
[BlackTeamCountry "HUN"]

1. e4 e5 2. Nf3 Nc6 3. Bb5 a6 4. Ba4 Nf6 5. O-O Be7 6. Re1 b5 7. Bb3 d6 8. c3
O-O 9. h3 Nb8 10. d4 Nbd7 11. Nbd2 Bb7 12. Bc2 Re8 13. a4 Bf8 14. Bd3 c6 15. b3
Qc7 16. Bb2 g6 17. Qc2 Bg7 18. axb5 axb5 19. Bf1 Rxa1 20. Bxa1 Nh5 21. b4 Qb6
22. dxe5 Nxe5 23. Nxe5 Bxe5 24. c4 Nf4 25. Nf3 bxc4 26. Nxe5 dxe5 27. Qxc4 Bc8
28. Rd1 Be6 29. Qc3 Qc7 30. Rc1 f6 31. b5 c5 32. Qxc5 Qxc5 33. Rxc5 Rb8 34. Rc6
1-0

[Event "NB II. Erkel csoport"]
[Site "Budapest"]
[Date "2023.12.10"]
[Round "3.2"]
[White "Csati, Oliver"]
[Black "Budai, David"]
[Result "0-1"]
[WhiteElo "2248"]
[BlackElo "2321"]
[PlyCount "59"]
[EventDate "2023.10.08"]
[EventType "team-tourn"]
[EventRounds "9"]
[EventCountry "HUN"]
[Source "chess.hu"]
[WhiteTeam "HASE"]
[BlackTeam "HUSI SC"]
[WhiteTeamCountry "HUN"]
[BlackTeamCountry "HUN"]

1. e4 c5 2. Nf3 Nc6 3. d4 cxd4 4. Nxd4 g6 5. c4 Nf6 6. Nc3 d6 7. Be2 Nxd4 8.
Qxd4 Bg7 9. O-O O-O 10. Qd3 Nd7 11. Be3 Nc5 12. Qc2 Bxc3 13. bxc3 b6 14. Bh6
Re8 15. f4 f5 16. Bd3 e6 17. Rae1 Bd7 18. Re3 Qf6 19. g4 Bc6 20. exf5 exf5 21.
Rg3 Be4 22. Bxe4 Nxe4 23. Rg2 Re6 24. Rd1 Rae8 25. gxf5 Qxf5 26. Rd5 Qh3 27. f5
Rf6 28. Bf4 Rxf5 29. Rd3 Qh4 30. Bg3 0-1

[Event "NB II. Erkel csoport"]
[Site "Budapest"]
[Date "2023.12.10"]
[Round "3.3"]
[White "Erdelyi, Zombor"]
[Black "Szabo, Zsolt"]
[Result "1/2-1/2"]
[WhiteElo "2283"]
[BlackElo "2238"]
[PlyCount "89"]
[EventDate "2023.10.08"]
[EventType "team-tourn"]
[EventRounds "9"]
[EventCountry "HUN"]
[Source "chess.hu"]
[WhiteTeam "HUSI SC"]
[BlackTeam "HASE"]
[WhiteTeamCountry "HUN"]
[BlackTeamCountry "HUN"]

1. e4 d6 2. d4 g6 3. f4 Bg7 4. Nf3 Bg4 5. Bc4 Bxf3 6. gxf3 e6 7. Be3 d5 8. Bd3
Qh4+ 9. Ke2 Ne7 10. Qg1 O-O 11. Qg5 Qxg5 12. fxg5 c5 13. c3 cxd4 14. cxd4 dxe4
15. Bxe4 Nbc6 16. Nc3 Bxd4 17. Bxd4 Nxd4+ 18. Ke3 Rfd8 19. Rhd1 Nec6 20. Rac1
Kf8 21. Bxc6 Nxc6 22. Ne4 Ke7 23. Rxd8 Rxd8 24. Nc5 Nb4 25. Nxb7 Nd5+ 26. Kd4
Rb8 27. Na5 Rxb2 28. a3 Ra2 29. Nc6+ Kf8 30. Rb1 Rxa3 31. Ne5 Nb6 32. Rc1 Ra4+
33. Ke3 Nd5+ 34. Kf2 Rf4 35. Rc8+ Kg7 36. Ng4 h5 37. gxh6+ Kh7 38. Ra8 Nf6 39.
Nxf6+ Rxf6 40. Rxa7 Kxh6 41. Kg3 g5 42. Ra4 Kh5 43. h4 Rf4 44. Ra7 f6 45. hxg5
1/2-1/2

[Event "NB II. Erkel csoport"]
[Site "Budapest"]
[Date "2023.12.10"]
[Round "3.4"]
[White "Nagy, Ervin Dr"]
[Black "Biro, David"]
[Result "1-0"]
[WhiteElo "2155"]
[BlackElo "2249"]
[PlyCount "83"]
[EventDate "2023.10.08"]
[EventType "team-tourn"]
[EventRounds "9"]
[EventCountry "HUN"]
[Source "chess.hu"]
[WhiteTeam "HASE"]
[BlackTeam "HUSI SC"]
[WhiteTeamCountry "HUN"]
[BlackTeamCountry "HUN"]

1. Nf3 g6 2. d4 Bg7 3. e4 d6 4. Nc3 a6 5. a4 b6 6. Bc4 e6 7. Bg5 Ne7 8. Qd2 h6
9. Be3 Bb7 10. O-O Nd7 11. Rfe1 Kf8 12. h3 Kg8 13. Nh2 d5 14. exd5 exd5 15. Bb3
Nf6 16. f3 Kh7 17. a5 b5 18. Ne2 Nf5 19. Bf2 h5 20. g4 hxg4 21. hxg4 Bh6 22. g5
Ne4 23. fxe4 Bxg5 24. Qc3 dxe4 25. Rf1 Kg8 26. Bg3 Be3+ 27. Kg2 Qg5 28. Rxf5
gxf5 29. Qxc7 Rxh2+ 30. Kxh2 Qh5+ 31. Kg2 Qxe2+ 32. Kh3 Qh5+ 33. Kg2 Qf3+ 34.
Kh2 Rf8 35. Qxb7 f4 36. Bh4 Qe2+ 37. Kh3 f3 38. Bg3 Qg2+ 39. Kh4 Kg7 40. Qxe4
Bg5+ 41. Kxg5 Qxg3+ 42. Qg4 1-0

[Event "NB II. Erkel csoport"]
[Site "Budapest"]
[Date "2023.12.10"]
[Round "3.5"]
[White "Szabolcsi, Janos"]
[Black "Koczka, Zsolt"]
[Result "0-1"]
[WhiteElo "2158"]
[BlackElo "2147"]
[PlyCount "80"]
[EventDate "2023.10.08"]
[EventType "team-tourn"]
[EventRounds "9"]
[EventCountry "HUN"]
[Source "chess.hu"]
[WhiteTeam "HUSI SC"]
[BlackTeam "HASE"]
[WhiteTeamCountry "HUN"]
[BlackTeamCountry "HUN"]

1. d4 d5 2. c4 e6 3. Nc3 Nf6 4. Bg5 Be7 5. e3 O-O 6. Nf3 c6 7. Rc1 h6 8. Bh4
Ne4 9. Bxe7 Qxe7 10. Bd3 Nxc3 11. Rxc3 Nd7 12. O-O Rd8 13. Qb3 a5 14. Qc2 dxc4
15. Bxc4 b5 16. Be2 Bb7 17. Qe4 Nf6 18. Qh4 Qb4 19. Rc2 Rd5 20. Ne5 Rxe5 21. a3
Qa4 22. Bd1 Re4 23. Qg3 b4 24. Rc5 b3 25. Bf3 Ba6 26. Rfc1 Bb5 27. Qc7 Rf8 28.
g3 Nd5 29. Qd6 Nf6 30. R1c3 Rg4 31. Qc7 Rg5 32. Bd1 Rxc5 33. Rxc5 Nd5 34. Qd6
Nb4 35. Rc3 Nc2 36. h4 Bc4 37. Qc5 Bd5 38. Be2 Nxa3 39. bxa3 b2 40. Qb6 Qb5 0-1

[Event "NB II. Erkel csoport"]
[Site "Budapest"]
[Date "2023.12.10"]
[Round "3.6"]
[White "Kovacs, Judit"]
[Black "Fendrik, Lajos"]
[Result "1-0"]
[WhiteElo "2066"]
[BlackElo "2158"]
[PlyCount "105"]
[EventDate "2023.10.08"]
[EventType "team-tourn"]
[EventRounds "9"]
[EventCountry "HUN"]
[Source "chess.hu"]
[WhiteTeam "HASE"]
[BlackTeam "HUSI SC"]
[WhiteTeamCountry "HUN"]
[BlackTeamCountry "HUN"]

1. Nf3 d5 2. c4 e6 3. g3 d4 4. d3 Nc6 5. Bg2 Nf6 6. Nbd2 a5 7. O-O Be7 8. a3
O-O 9. Rb1 e5 10. b4 axb4 11. axb4 Nxb4 12. Nxe5 Re8 13. Nb3 Bf8 14. Nf3 c5 15.
Bd2 Nc6 16. Re1 h6 17. Ra1 Rxa1 18. Qxa1 Qb6 19. Rb1 Qc7 20. Nc1 Nd7 21. Rb5
Ndb8 22. Bf4 Bd6 23. Bxd6 Qxd6 24. Nd2 f5 25. Ndb3 Na6 26. Na5 Qc7 27. Nxc6
bxc6 28. Rb2 Nb4 29. Nb3 Qd6 30. Qa5 Na6 31. Qb6 Kf8 32. Qxc6 Qxc6 33. Bxc6 Re6
34. Bf3 Rb6 35. Rb1 Ke7 36. Kg2 g5 37. h3 Kd6 38. g4 f4 39. Nd2 Rb4 40. h4 Rxb1
41. Nxb1 gxh4 42. Kh3 h5 43. Kxh4 hxg4 44. Bxg4 Bb7 45. Nd2 Ke5 46. Kg5 Nc7 47.
Nb3 Na6 48. Bd7 f3 49. Bg4 Kd6 50. exf3 Nb4 51. Nc1 Bc6 52. f4 Ba4 53. Bf5 1-0

[Event "NB II. Erkel csoport"]
[Site "Budapest"]
[Date "2023.12.10"]
[Round "3.7"]
[White "Feher, Botond"]
[Black "Demjen, Mark"]
[Result "1-0"]
[WhiteElo "1968"]
[BlackElo "1991"]
[PlyCount "33"]
[EventDate "2023.10.08"]
[EventType "team-tourn"]
[EventRounds "9"]
[EventCountry "HUN"]
[Source "chess.hu"]
[WhiteTeam "HUSI SC"]
[BlackTeam "HASE"]
[WhiteTeamCountry "HUN"]
[BlackTeamCountry "HUN"]

1. e4 e5 2. Nf3 Nc6 3. Bc4 Bc5 4. c3 Nf6 5. d4 exd4 6. cxd4 Bb4+ 7. Nbd2 Nxe4
8. O-O d5 9. Nxe4 dxe4 10. Ng5 Qxd4 11. Qb3 O-O 12. Be3 Qf6 13. Nxf7 h6 14. f3
Na5 15. Nxh6+ Kh7 16. Bg8+ Kh8 17. Qxb4 1-0

[Event "NB II. Erkel csoport"]
[Site "Budapest"]
[Date "2023.12.10"]
[Round "3.8"]
[White "Murin, Janos"]
[Black "Feher, Tamas"]
[Result "1/2-1/2"]
[WhiteElo "2060"]
[BlackElo "2127"]
[PlyCount "202"]
[EventDate "2023.10.08"]
[EventType "team-tourn"]
[EventRounds "9"]
[EventCountry "HUN"]
[Source "chess.hu"]
[WhiteTeam "HASE"]
[BlackTeam "HUSI SC"]
[WhiteTeamCountry "HUN"]
[BlackTeamCountry "HUN"]

1. e4 c5 2. Nf3 d6 3. Nc3 Nf6 4. g3 Nc6 5. Bg2 g6 6. O-O Bg7 7. d3 O-O 8. Re1
e5 9. Nd5 Nxd5 10. exd5 Ne7 11. c4 b5 12. Qc2 Rb8 13. Bg5 f6 14. Bd2 a5 15.
Rad1 h6 16. b3 b4 17. Bc1 Bd7 18. Bb2 a4 19. Qe2 Re8 20. h3 Ra8 21. Kh2 Ra7 22.
Qc2 g5 23. Rd2 f5 24. Ng1 Ng6 25. Rde2 Bc8 26. Qd2 Bd7 27. Qc2 Bf6 28. Bc1 h5
29. f3 h4 30. g4 Kg7 31. Rf2 f4 32. Bb2 axb3 33. axb3 Ra2 34. Ne2 Qa8 35. Nc1
Ra5 36. Rfe2 Qa7 37. Bf1 Ra8 38. Re4 Nf8 39. Be2 Be8 40. Bd1 Bg6 41. Kg2 Qf7
42. Qe2 Nd7 43. Bc2 R5a7 44. Qd2 Qf8 45. Bb1 Bd8 46. R4e2 Nf6 47. Re4 Bb6 48.
Qc2 Kh6 49. Qe2 Qf7 50. Qc2 Rh8 51. Rf1 Qg7 52. Rfe1 Be8 53. Qe2 Bd7 54. Rd1
Rf8 55. Rf1 Raa8 56. Qd1 Rae8 57. Qe2 Bc8 58. Bc2 Qd7 59. Bd1 Nh5 60. Qc2 Ng3
61. Rfe1 Qf7 62. Ne2 Rh8 63. Nc1 Bd7 64. Ne2 Qh7 65. Nc1 Kg7 66. Qd2 Ref8 67.
Rf1 Nxf1 68. Kxf1 Kh6 69. Kg2 Be8 70. Bc2 Bg6 71. Re2 Bd8 72. Bb1 Bf6 73. Kf2
e4 74. dxe4 Qg7 75. Bxf6 Qxf6 76. Qb2 Qxb2 77. Rxb2 Ra8 78. Ba2 Ra5 79. Ke2 Re8
80. Kd3 Kg7 81. Re2 Kf6 82. Rf2 Ke5 83. Rb2 Rea8 84. Rf2 Bh7 85. Rb2 Bg6 86.
Rf2 Ra3 87. Rb2 Bh7 88. Rf2 Bg6 89. Rd2 Be8 90. Rf2 Bd7 91. Rb2 Ba4 92. Kd2 Bd7
93. Kd3 Ba4 94. Kd2 Ra7 95. Kd3 Bxb3 96. Bxb3 Ra1 97. Kd2 R7a3 98. Nd3+ Kd4 99.
Nc1 Ke5 100. Nd3+ Kd4 101. Nc1 Ke5 1/2-1/2

[Event "NB II. Erkel csoport"]
[Site "Budapest"]
[Date "2023.12.10"]
[Round "3.9"]
[White "Horvath, Antal Jr"]
[Black "Hangay, Oliver"]
[Result "1/2-1/2"]
[WhiteElo "2045"]
[BlackElo "1901"]
[PlyCount "58"]
[EventDate "2023.10.08"]
[EventType "team-tourn"]
[EventRounds "9"]
[EventCountry "HUN"]
[Source "chess.hu"]
[WhiteTeam "HUSI SC"]
[BlackTeam "HASE"]
[WhiteTeamCountry "HUN"]
[BlackTeamCountry "HUN"]

1. e4 e5 2. Nf3 Nc6 3. Bc4 Bc5 4. c3 Nf6 5. d4 exd4 6. cxd4 Bb4+ 7. Nc3 Nxe4 8.
O-O Bxc3 9. d5 Ne5 10. bxc3 Nxc4 11. Qd4 O-O 12. Qxe4 Nd6 13. Qd3 Qf6 14. Bg5
Qf5 15. Qd4 Qe4 16. Rfe1 Qxd4 17. Nxd4 f6 18. Bf4 Ne8 19. Re7 d6 20. Nb5 c6 21.
dxc6 bxc6 22. Nxa7 c5 23. Nb5 d5 24. Nc7 Nxc7 25. Rxc7 Re8 26. Rxc5 Rxa2 27.
Rd1 Be6 28. Rc7 Ra4 29. Be3 Rc4 1/2-1/2

[Event "NB II. Erkel csoport"]
[Site "Budapest"]
[Date "2023.12.10"]
[Round "3.10"]
[White "Minga-Nagy, Abel Inti"]
[Black "Tegzes, Laszlo"]
[Result "1/2-1/2"]
[WhiteElo "1869"]
[BlackElo "1996"]
[PlyCount "64"]
[EventDate "2023.10.08"]
[EventType "team-tourn"]
[EventRounds "9"]
[EventCountry "HUN"]
[Source "chess.hu"]
[WhiteTeam "HASE"]
[BlackTeam "HUSI SC"]
[WhiteTeamCountry "HUN"]
[BlackTeamCountry "HUN"]

1. e4 c5 2. Nf3 e6 3. d4 cxd4 4. Nxd4 Nf6 5. Bd3 Nc6 6. Nxc6 dxc6 7. O-O e5 8.
Bg5 Be7 9. Nc3 O-O 10. Kh1 Bg4 11. f3 Bh5 12. Qe1 Nd7 13. Bxe7 Qxe7 14. Ne2 Nc5
15. Ng3 Nxd3 16. cxd3 Bg6 17. Rd1 Rad8 18. Qc3 Rd7 19. Rd2 Rfd8 20. Rfd1 h5 21.
d4 Qg5 22. d5 h4 23. Nf5 Bxf5 24. Qxe5 Re7 25. Qxf5 Qxf5 26. exf5 cxd5 27. g4
hxg3 28. hxg3 Re3 29. Kg2 Rde8 30. Kf2 d4 31. Rc1 d3 32. Rc8 Rxf3+ 1/2-1/2

[Event "NB II. Erkel csoport"]
[Site "Budapest"]
[Date "2023.12.10"]
[Round "3.11"]
[White "Biro, Laszlo"]
[Black "Zoltan, Andras"]
[Result "1/2-1/2"]
[WhiteElo "1952"]
[BlackElo "1709"]
[PlyCount "99"]
[EventDate "2023.10.08"]
[EventType "team-tourn"]
[EventRounds "9"]
[EventCountry "HUN"]
[Source "chess.hu"]
[WhiteTeam "HUSI SC"]
[BlackTeam "HASE"]
[WhiteTeamCountry "HUN"]
[BlackTeamCountry "HUN"]

1. d4 d5 2. c4 e6 3. Nc3 Nf6 4. cxd5 exd5 5. Bg5 c6 6. e3 h6 7. Bh4 Be7 8. Bd3
Ne4 9. Bxe7 Qxe7 10. Qc2 Nxc3 11. bxc3 Nd7 12. Nf3 Nf6 13. O-O O-O 14. Rfe1 Be6
15. Ne5 Nd7 16. f4 Nxe5 17. dxe5 f5 18. Qa4 Qc5 19. Qb4 Qxb4 20. cxb4 a5 21. b5
c5 22. a4 b6 23. Bc2 Rac8 24. Rad1 g6 25. g4 Kg7 26. gxf5 gxf5 27. Rd2 Kf7 28.
Rg2 Rg8 29. Rd1 Rxg2+ 30. Kxg2 Rg8+ 31. Kf2 Ke7 32. Rd2 Rc8 33. Ke1 Rg8 34. Kf1
c4 35. Bd1 Bf7 36. Bf3 c3 37. Rc2 Rc8 38. Ke2 d4 39. exd4 Bc4+ 40. Ke3 Bb3 41.
Rc1 Bxa4 42. Bc6 c2 43. d5 Bb3 44. Kd2 Rg8 45. d6+ Ke6 46. Kc3 a4 47. Bf3 Rc8+
48. Bc6 Rg8 49. Bf3 Rc8+ 50. Bc6 1/2-1/2

[Event "NB II. Erkel csoport"]
[Site "Budapest"]
[Date "2023.12.10"]
[Round "3.12"]
[White "Rabovszky, Gyorgy"]
[Black "Laszlo, Laura Dr"]
[Result "0-1"]
[WhiteElo "1576"]
[BlackElo "1787"]
[PlyCount "58"]
[EventDate "2023.10.08"]
[EventType "team-tourn"]
[EventRounds "9"]
[EventCountry "HUN"]
[Source "chess.hu"]
[WhiteTeam "HASE"]
[BlackTeam "HUSI SC"]
[WhiteTeamCountry "HUN"]
[BlackTeamCountry "HUN"]

1. e4 c5 2. Nf3 Nc6 3. d4 cxd4 4. Nxd4 e5 5. Nb3 Nf6 6. Nc3 Bb4 7. Bd3 d5 8.
exd5 Nxd5 9. Bd2 Nxc3 10. bxc3 Bd6 11. O-O Qh4 12. g3 Qh3 13. Be4 Bg4 14. f3
Be6 15. Bg5 Bc7 16. Qe2 f5 17. Bxc6+ bxc6 18. Be3 O-O 19. Nc5 Bd5 20. c4 Bf7
21. Rfd1 f4 22. Bf2 fxg3 23. hxg3 Bh5 24. Rd3 e4 25. Nxe4 Rae8 26. Re1 h6 27.
Bxa7 Bxg3 28. Bf2 Rxe4 29. fxe4 Qh2+ 0-1

[Event "NB II. Erkel csoport"]
[Site "Dunaharaszti"]
[Date "2024.02.18"]
[Round "4.1"]
[White "Szuk, Balazs"]
[Black "Nguyen, Huynh Minh Huy"]
[Result "1/2-1/2"]
[WhiteElo "2366"]
[BlackElo "2438"]
[PlyCount "27"]
[EventDate "2023.10.08"]
[EventType "team-tourn"]
[EventRounds "9"]
[EventCountry "HUN"]
[Source "chess.hu"]
[WhiteTeam "HUSI SC"]
[BlackTeam "Dunaharaszti MTK II."]
[WhiteTeamCountry "HUN"]
[BlackTeamCountry "HUN"]

1. e4 c5 2. Nc3 a6 3. g3 b5 4. Bg2 Bb7 5. d3 e6 6. f4 Nf6 7. Nf3 b4 8. Ne2 Nc6
9. e5 Nd5 10. c4 bxc3 11. bxc3 Be7 12. c4 Nc7 13. Be3 O-O 14. O-O 1/2-1/2

[Event "NB II. Erkel csoport"]
[Site "Dunaharaszti"]
[Date "2024.02.18"]
[Round "4.2"]
[White "Berczes, Csaba"]
[Black "Erdelyi, Zombor"]
[Result "1/2-1/2"]
[WhiteElo "2289"]
[BlackElo "2281"]
[PlyCount "25"]
[EventDate "2023.10.08"]
[EventType "team-tourn"]
[EventRounds "9"]
[EventCountry "HUN"]
[Source "chess.hu"]
[WhiteTeam "Dunaharaszti MTK II."]
[BlackTeam "HUSI SC"]
[WhiteTeamCountry "HUN"]
[BlackTeamCountry "HUN"]

1. Nf3 Nf6 2. c4 g6 3. g3 Bg7 4. Bg2 O-O 5. O-O d5 6. cxd5 Nxd5 7. d4 Nc6 8. e4
Nb6 9. d5 Na5 10. Qc2 c6 11. dxc6 Nxc6 12. Rd1 Bd7 13. Nc3 1/2-1/2

[Event "NB II. Erkel csoport"]
[Site "Dunaharaszti"]
[Date "2024.02.18"]
[Round "4.3"]
[White "Roos, Louis"]
[Black "Lorand, Norbert"]
[Result "1/2-1/2"]
[WhiteElo "2268"]
[BlackElo "2250"]
[PlyCount "54"]
[EventDate "2023.10.08"]
[EventType "team-tourn"]
[EventRounds "9"]
[EventCountry "HUN"]
[Source "chess.hu"]
[WhiteTeam "HUSI SC"]
[BlackTeam "Dunaharaszti MTK II."]
[WhiteTeamCountry "HUN"]
[BlackTeamCountry "HUN"]

1. c4 Nf6 2. Nc3 d5 3. cxd5 Nxd5 4. g3 Nb6 5. Bg2 g6 6. d3 Bg7 7. Be3 c6 8. Qd2
h5 9. Nf3 Bf5 10. h3 N8d7 11. Nd4 e6 12. Nb3 e5 13. Na5 Rb8 14. Rc1 Qe7 15. a3
O-O 16. O-O Rfd8 17. Kh2 Nf6 18. Bg5 Qd6 19. b4 Rd7 20. Rfd1 a6 21. Bxf6 Qxf6
22. Qe3 Nd5 23. Qa7 Qd8 24. e4 Nxc3 25. Rxc3 Be6 26. Qe3 Bf8 27. Nb3 Bxb3
1/2-1/2

[Event "NB II. Erkel csoport"]
[Site "Dunaharaszti"]
[Date "2024.02.18"]
[Round "4.4"]
[White "Baski, Barnabas"]
[Black "Biro, David"]
[Result "0-1"]
[WhiteElo "2177"]
[BlackElo "2224"]
[PlyCount "84"]
[EventDate "2023.10.08"]
[EventType "team-tourn"]
[EventRounds "9"]
[EventCountry "HUN"]
[Source "chess.hu"]
[WhiteTeam "Dunaharaszti MTK II."]
[BlackTeam "HUSI SC"]
[WhiteTeamCountry "HUN"]
[BlackTeamCountry "HUN"]

1. d4 g6 2. Bf4 Bg7 3. e3 d6 4. Nf3 Nd7 5. h3 e5 6. Bh2 Ne7 7. Be2 O-O 8. O-O
h6 9. c4 exd4 10. exd4 Nf5 11. Nc3 Re8 12. Re1 Nf8 13. d5 Nh7 14. Qd2 Ng5 15.
Bf4 Nxf3+ 16. Bxf3 Rxe1+ 17. Rxe1 Bd7 18. Be4 Kh7 19. Bd3 a6 20. Ne4 b6 21. b4
a5 22. a3 axb4 23. axb4 Ra3 24. Rc1 Nd4 25. Qd1 Bf5 26. g4 Bxe4 27. Bxe4 Rxh3
28. Be3 Qe7 29. Bg2 Rxe3 30. fxe3 Qxe3+ 31. Kf1 Ne2 32. Qxe2 Qxc1+ 33. Kf2 Bd4+
34. Kg3 Be5+ 35. Kf2 Bd4+ 36. Kg3 Qc3+ 37. Qf3 Qe1+ 38. Kh3 Kg7 39. Qe4 Qg1 40.
Kg3 Qf2+ 41. Kh3 Be5 42. Qf3 Qg1 0-1

[Event "NB II. Erkel csoport"]
[Site "Dunaharaszti"]
[Date "2024.02.18"]
[Round "4.5"]
[White "Zila, Laszlo"]
[Black "Markos, Adam"]
[Result "1/2-1/2"]
[WhiteElo "2233"]
[BlackElo "2089"]
[PlyCount "32"]
[EventDate "2023.10.08"]
[EventType "team-tourn"]
[EventRounds "9"]
[EventCountry "HUN"]
[Source "chess.hu"]
[WhiteTeam "HUSI SC"]
[BlackTeam "Dunaharaszti MTK II."]
[WhiteTeamCountry "HUN"]
[BlackTeamCountry "HUN"]

1. e4 c6 2. d4 d5 3. Nd2 dxe4 4. Nxe4 Nf6 5. Nxf6+ exf6 6. c3 Bd6 7. Bd3 O-O 8.
Ne2 Re8 9. Qc2 h5 10. Be3 Qa5 11. O-O Qc7 12. h3 Nd7 13. c4 c5 14. Nc3 cxd4 15.
Nb5 Bh2+ 16. Kh1 Qb8 1/2-1/2

[Event "NB II. Erkel csoport"]
[Site "Dunaharaszti"]
[Date "2024.02.18"]
[Round "4.7"]
[White "Feher, Botond"]
[Black "Szekeres, Tibor"]
[Result "1/2-1/2"]
[WhiteElo "1996"]
[BlackElo "2031"]
[PlyCount "101"]
[EventDate "2023.10.08"]
[EventType "team-tourn"]
[EventRounds "9"]
[EventCountry "HUN"]
[Source "chess.hu"]
[WhiteTeam "HUSI SC"]
[BlackTeam "Dunaharaszti MTK II."]
[WhiteTeamCountry "HUN"]
[BlackTeamCountry "HUN"]

1. e4 d5 2. exd5 Nf6 3. d4 Bg4 4. f3 Bf5 5. Bd3 Bxd3 6. Qxd3 Qxd5 7. Nc3 Qd7 8.
Nge2 e6 9. Be3 Nc6 10. a3 O-O-O 11. O-O h6 12. b4 Kb8 13. b5 Ne7 14. Bf2 g5 15.
Ne4 Nxe4 16. fxe4 Ng6 17. a4 Bg7 18. Qc4 f5 19. a5 c6 20. bxc6 Qxc6 21. Qxc6
bxc6 22. Rab1+ Ka8 23. exf5 exf5 24. Rfe1 Rhe8 25. Ng3 Rxe1+ 26. Rxe1 Bxd4 27.
Bxd4 Rxd4 28. Nxf5 Rd5 29. a6 Kb8 30. Nxh6 Kc7 31. Rb1 c5 32. Rb7+ Kc6 33. Rxa7
Rd1+ 34. Kf2 Rd2+ 35. Ke3 Rxc2 36. Rg7 Nf4 37. g3 Ne6 38. a7 Ra2 39. Re7 Kd6
40. Nf5+ Kd5 41. Rd7+ Ke5 42. Nd6 Nd4 43. Nc4+ Ke6 44. Rh7 Nb5 45. Rh5 Nxa7 46.
Rxg5 Rxh2 47. Rxc5 Rg2 48. Kf4 Rf2+ 49. Kg5 Rf8 50. g4 Nc8 51. Re5+ 1/2-1/2

[Event "NB II. Erkel csoport"]
[Site "Dunaharaszti"]
[Date "2024.02.18"]
[Round "4.8"]
[White "Szollosi, Laszlo"]
[Black "Feher, Tamas"]
[Result "0-1"]
[WhiteElo "2055"]
[BlackElo "2129"]
[PlyCount "88"]
[EventDate "2023.10.08"]
[EventType "team-tourn"]
[EventRounds "9"]
[EventCountry "HUN"]
[Source "chess.hu"]
[WhiteTeam "Dunaharaszti MTK II."]
[BlackTeam "HUSI SC"]
[WhiteTeamCountry "HUN"]
[BlackTeamCountry "HUN"]

1. d4 d5 2. Nf3 e6 3. Bf4 Bd6 4. e3 Bxf4 5. exf4 c5 6. dxc5 Qa5+ 7. Nc3 Qxc5 8.
Qd4 Qxd4 9. Nxd4 Nc6 10. O-O-O Nxd4 11. Rxd4 Ne7 12. Bb5+ Bd7 13. Re1 Bxb5 14.
Nxb5 Kd7 15. Rd3 Rhc8 16. Nd4 g6 17. Kb1 h5 18. Rc1 a6 19. a3 b5 20. Re1 Rc4
21. g3 Rb8 22. b3 Rc7 23. Kb2 Rbc8 24. Rd2 Nf5 25. Nxf5 gxf5 26. h4 a5 27. Rc1
Rc3 28. Re2 Rf3 29. Rd1 Rcc3 30. Rd4 Kc6 31. a4 Kc5 32. Red2 b4 33. R4d3 Rcxd3
34. cxd3 Kd4 35. Kc2 f6 36. Re2 e5 37. fxe5 fxe5 38. Rd2 f4 39. gxf4 Rxf4 40.
f3 Rxh4 41. Rg2 Rh3 42. Rg6 Rxf3 43. Ra6 Rf2+ 44. Kb1 h4 0-1